000 00347nam a2200133Ia 4500
008 220620s9999||||xx |||||||||||||| ||und||
020 _a9780260000000
100 _aHippel, Eric von
245 0 _aDemocratizing Innovation
546 _aEnglish[eng]
650 _aEntrepreneurship
856 _uhttp://mitpress.mit.edu/9780262002745
942 _cEB
999 _c27363
_d27363